| 000 | 00517nam a22001457a 4500 | ||
|---|---|---|---|
| 003 | MACL | ||
| 005 | 20190106162108.0 | ||
| 008 | 190106b xxu||||| |||| 00| 0 eng d | ||
| 040 | _c MACL | ||
| 100 |
_aरूबी _973610 |
||
| 245 | _aध्वन्यालोक की उज्जीवनी टीका एक समीक्षा | ||
| 260 |
_aदिल्ली _bईस्टर्न बुक _c2014 |
||
| 650 |
_aकाव्य समीक्षा _948818 |
||
| 942 |
_2ddc _cHIN |
||
| 999 |
_c58861 _d58861 |
||